000 01298nam0a22002891 4500
001 rc\4940312
005 20260407132701.0
021 _aRU
_b[62-22220]
035 _a(NLR Aleph) 008851589
090 _a8403987
_c8403987
100 _a20130426d1962 u y0rusy50 ca
101 0 _arus
102 _aRU
105 _aa b |||||
200 1 _aНародный художник СССР Константин Федорович Юон. 1875-1958
_eКаталог выставки
_fАкад. художеств СССР. Союз художников СССР. Гос. Третьяковская галерея
210 _aМосква
_cИзд-во Акад. художеств СССР
_d1962
215 _a62 с., 12 л. ил.
_d22
300 _aНа обороте тит. л. сост.: В.А. Сидоренко
702 1 _aСидоренко
_bВ.А.
_4220
702 1 _4040
_7ca
_8rus
_aЮон
_bК. Ф.
_f1875-1958
_gКонстантин Федорович
_3RU\NLR\AUTH\770286753
_92686372
710 1 0 _aЮон,
_gКонстантин Федорович
_hВыставка произведений
_f1962
_eМосква
_3RU\NLR\AUTH\8810078921
_9659971
801 0 _aRU
_bNLR
_gpsbo
801 1 _aRU
_bELAR
_2rusmarc
852 _aNLR
_bЭ
_jКП/Ю582
942 _cBOOK
980 _aNB